000 00653nam a2200253Ia 4500
003 0100
008 130303s9999 xx 000 0 und d
020 _a0823212084
040 _cARRUPELIB
050 _aBD111.U55 1988
245 4 _aThe Universe as journey
245 _bconversations with W.Norris Clarke
260 _aNew York
260 _bFordham Press
260 _C1988
300 _a183p.
300 _b 23cm
650 _aPHILOSOPHY
650 _bChristian ethics -- Catholics authors
650 _cNatural law
650 _dThomas, Aquinas, Saint, 1225?- 1274 -- Ethics
700 _aMcCool, Gerald A.(ed.)
942 0 0 _01
999 _c10100
_d10100